[Event "Chigorin Memorial 30th"]
[Site "St Petersburg"]
[Date "2023.10.26"]
[Round "6"]
[White "Budyonny, Fedor"]
[Black "Nemtsov, Daniil Aleks"]
[Result "1-0"]
[WhiteElo "1171"]
[BlackElo "1336"]
[PlyCount "147"]
[EventDate "2023.10.21"]
[EventType "swiss"]
[EventRounds "9"]
[EventCountry "RUS"]
[SourceTitle "Mega2024 Update 01"]
[Source "Chessbase"]
[SourceDate "2023.11.12"]
[SourceVersion "1"]
[SourceVersionDate "2023.11.12"]
[SourceQuality "1"]

1. d4 d5 2. Nf3 Nf6 3. c4 e6 4. g3 c5 5. Bg2 Nc6 6. dxc5 Bxc5 7. 0-0 0-0 8. Nbd2 Bd7 9. a3 a5 10. Nb3 Be7 11. cxd5 exd5 12. e3 Bg4 13. Bd2 Ne4 14. Qe1 Bf6 15. Nfd4 a4 16. Nxc6 bxc6 17. Nd4 Nxd2 18. Qxd2 Qb6 19. Rab1 Rac8 20. b4 axb3 21. Rxb3 Qa7 22. Rc1 Bxd4 23. exd4 Rfe8 24. Qf4 Be2 25. Rcb1 Qc7 26. Qxc7 Rxc7 27. Re3 Rcc8 28. Bh3 Rxe3 29. fxe3 Ra8 30. Rb3 g5 31. Bf1 Bxf1 32. Kxf1 Kg7 33. Kf2 g4 34. Rc3 Ra6 35. e4 dxe4 36. Ke3 f5 37. Kf4 Kg6 38. Rc5 Rxa3 39. Rxc6+ Kf7 40. Kxf5 e3 41. Kxg4 e2 42. Rc1 Rd3 43. Re1 Rxd4+ 44. Kf3 Rd2 45. Rxe2 Rxe2 46. Kxe2 Kf6 47. Kd3 Kf5 48. h3 Ke5 49. Ke3 Kf5 50. Kf3 Kg5 51. Ke4 Kg6 52. Ke5 Kg5 53. Ke4 Kg6 54. Kf4 Kf6 55. g4 Kg6 56. h4 Kf6 57. Ke4 Ke6 58. Kd4 Kf6 59. Kd5 Kg6 60. Ke6 Kg7 61. h5 Kf8 62. Kf6 Kg8 63. Ke7 Kg7 64. g5 Kg8 65. Ke6 Kg7 66. Kf5 Kf7 67. Ke5 Ke7 68. Kd5 Kf7 69. Kd6 Kg7 70. Ke7 Kg8 71. Kf6 Kf8 72. g6 hxg6 73. hxg6 Kg8 74. g7 1-0